• 首页
  • 本馆介绍
  • 公告通知
  • 最新文献
  • 馆藏检索
  • 电子资源
  • 读者导购
  • 参考咨询
  • 我的图书馆
  • 登录
  • 详细信息显示
  • 放入我的书架
  • 预约/预借图书
  • 作者相关作品
  • 分类相关作品
  • 丛书相关作品
  • 出版社相关作品

书目信息

  • 表格格式
  • 工作单格式
  • 卡片格式
题名:
岛村抱月自然主义文艺思想研究
    
 
作者: 余祖发, 著
分册:  
出版信息: 北京   光明日报出版社  2019
页数: 304页
开本: 25cm
丛书名: 光明社科文库
单 册:
中图分类: I0-02
科图分类:
主题词:
电子资源:
ISBN: 978-7-5194-4661-1
000 01154nam 2200289 450
001 012001010931
005 20140104130811.0
010    @a978-7-5194-4661-1@b精装@dCNY85.00
099    @aCAL 012019010594
100    @a20181225d2019 em y0chiy50 ea
101 0  @achi
102    @aCN@b110000
105    @aak a 000yy
106    @ar
200 1  @a岛村抱月自然主义文艺思想研究@Adao cun bao yue zi ran zhu yi wen yi si xiang yan jiu@f余祖发著
210    @a北京@c光明日报出版社@d2019
215    @a304页@c图@d25cm
225 2  @a光明社科文库@Aguang ming she ke wen ku
314    @a余祖发, 任职于上海海事大学外国语学院日语系。
320    @a有书目
330    @a在日本明治40年代的文艺主潮之中, 文艺理论家与批评家岛村抱月对西方文艺的变迁理解地全面而又深刻、对日本文坛的趋势把捉地立体而又准确, 从而, 对当时兴起的自然主义文艺进行了颇具综合性但又不乏新意的认知与阐释, 构筑起自己“真实的观照”这一独特的自然主义文艺理论体系。
410  0 @12001 @a光明社科文库
600  0 @a岛村抱月@Adao cun bao yue@x文艺思想@x研究
690    @aI0-02@v5
701  0 @a余祖发,@Ayu zu fa@f1979-@4著
801  0 @aCN@b上海新华@c20191020
905    @b1137352-5@dI0-02@e457@f4
    
    岛村抱月自然主义文艺思想研究/余祖发著.-北京:光明日报出版社,2019
    304页:图;25cm.-(光明社科文库)
    
    
    ISBN 978-7-5194-4661-1(精装):CNY85.00
    在日本明治40年代的文艺主潮之中, 文艺理论家与批评家岛村抱月对西方文艺的变迁理解地全面而又深刻、对日本文坛的趋势把捉地立体而又准确, 从而, 对当时兴起的自然主义文艺进行了颇具综合性但又不乏新意的认知与阐释, 构筑起自己“真实的观照”这一独特的自然主义文艺理论体系。
●
相关链接 在E读中查询图书 在五车中查询图书 在当当中查询图书 在豆瓣中查询图书


正题名:岛村抱月自然主义文艺思想研究     索取号:I0-02/457         预约/预借

序号 登录号 条形码 馆藏地/架位号 状态 备注
1 1137352   211373529   第一样本阅览室/ [索取号:I0-02/457] 在馆    
2 1137353   211373538   第二借阅区/ [索取号:I0-02/457] 在馆    
3 1137354   211373547   第二借阅区/ [索取号:I0-02/457] 在馆    
4 1137355   211373556   第二借阅区/ [索取号:I0-02/457] 在馆    
唐山师范学院图书馆 欢迎您!
大连网信软件有限公司© 版权所有